Statistics for Euro 2016 Players by Country (Medium Version)

Click here to take the quiz!

General Stats

  • This quiz has been taken 65 times
  • The average score is 19 of 24

Answer Stats

PlayerCountry% Correct
Burak YılmazTurkey
94%
Dele AlliEngland
92%
Giorgio ChielliniItaly
92%
Alexander SamedovRussia
92%
Granit XhakaSwitzerland
90%
Christophe JalletFrance
89%
Eidur GudjohnsenIceland
89%
Toby AlderweireldBelgium
87%
Darijo SrnaCroatia
87%
Kim KällströmSweden
87%
Glenn WhelanIreland
84%
José FontePortugal
82%
Marc BartraSpain
82%
Will GriggNorthern Ireland
81%
Andy KingWales
79%
Shkodran MustafiGermany
77%
Arkadiusz MilikPoland
71%
Zlatko JunuzovicAustria
68%
Jaroslav PlašilCzech Republic
68%
Juraj KuckaSlovakia
65%
Ádám SzalaiHungary
63%
Shkëlzen GashiAlbania
60%
Florin AndoneRomania
60%
Ruslan RotanUkraine
48%

Score Distribution

Percentile by Number Answered

Percent of People with Each Score

Your Score History

You have not taken this quiz